01495nam a2200373 a 4500001001200000003000800012006001900020007001500039008004100054010001700095020001500112020001800127020002700145040002100172035002100193050002500214082001500239245009000254246004600344260003100390300001100421490006400432504004100496533015200537650004200689650005400731650006000785655002900845700001900874710001700893830006800910856012600978999001701104ebr10728692CaPaEBRm o u cr cn|||||||||060906s2005 gw sb 000 0 eng d z 2006482328 z3937202684 z9783110327267 z9783110327496 (e-book) aCaPaEBRcCaPaEBR a(OCoLC)85456887614aHV6431b.E845 2005eb04a172/.422200aEthics of terrorism & counter-terrorismh[electronic resource] /cGeorg Meggle (ed.).3 aEthics of terrorism and counter-terrorism aFrankfurt :bOntos,c2005. a345 p.1 aPhilosophische Forschung =aPhilosophical research ;vBd. 3 aIncludes bibliographical references. aElectronic reproduction.bPalo Alto, Calif. :cebrary,d2013.nAvailable via World Wide Web.nAccess may be limited to ebrary affiliated libraries. 0aTerrorismxMoral and ethical aspects. 0aTerrorismxPreventionxMoral and ethical aspects. 0aWar on Terrorism, 2001-2009xMoral and ethical aspects. 7aElectronic books.2local1 aMeggle, Georg.2 aebrary, Inc. 0aPhilosophische Forschung (Frankfurt am Main, Germany) ;vBd. 3.40uhttp://site.ebrary.com/lib/rucke/Doc?id=10728692zAn electronic book accessible through the World Wide Web; click to view c37293d37293